01691nam a2200373 a 4500001001000000003000500010005001700015008004100032010001100073011001100084040000900095090001000104100004400114245021900158260004100377500006000418502010900478590004100587590004000628590004000668590004000708590004000748650004300788650003900831650004300870650002600913856007000939901000701009942001001016942000601026999001901032952013101051952013501182000114666CHAP20220329144452.0180316s2017 mx a fsm |||||||spa d a111127 a112099 cCHAP aTesis1 aRamos Bojorges, Enrique Ignacio913491910aAlteraciones histologicas en el sistema digestivo del gusano de la soya Anticarsia gemmatalis Hübner (Noctuidae: Lepidóptera) por el insecticida Tubefenozide /h[En línea]cpor Enrique Ignacio Ramos Bojorges. aChapingo, Méx. :bEl autor,c2017. aPara ver el contenido del material haga clic en la liga aTesis (Ing. Agr. Esp. en Parasitología Agrícola) -- UACH. Departamento de Parasitología Agrícola aBATCH-UPDb05c20180319lUCH01h0927 aE8697GMMb05c20180316lUCH01h0910 aE8697GMMb05c20180316lUCH01h1002 aE8697GMMb05c20180319lUCH01h0926 aE8697GMMb05c20180319lUCH01h092814aAnticarsi gemmatalisxControl.913492014aInsecticidasxAplicación.95885714aInsecticidasxEfecto en plagas.95887014aSoyaxPlagas.9109077 aFinding aiduhttp://10.13.5.2/tesis/sist114666.pdfzTeclea aquí aBK cTESIS n0 c111127d111127 00104054718TESISaBCbBCd2018-03-16fTESISl0oTesisp114666-10r2019-12-31 00:00:00w2019-12-31yTESISzRecien adquirido 00102local4053708TESISaBCbBCcPA_TESISd2018-03-16fTESISl0oTesisp114666-20r2019-12-31 00:00:00tc.2w2019-12-31yTESIS